02370agaaa2200313 45000010005000000030009000050050017000140070009000310080040000400400023000800410013001031000045001161300032001612400030001932450185002232460023004082500022004312600164004533000034006175080146006515110090007975200902008875380016017895460013018056500063018187000056018817000062019377000057019995317IT-RoPAU20220918181230.0d cvaizq50131s9999||||xx ||| | || ||und|| aIT-RoPAUcIT-RoPAU aITALIANO aYoung RogergCodice regista SPICS: 43936 aAUGUSTO IL PRIMO IMPERATORE aIMPERIUM: AUGUSTUSgT3471 aAUGUSTO IL PRIMO IMPERATOREcProdotto da: Bernabei Luca -- Sceneggiatura: Lerner Eric -- Diretto da: Young RogerpAUGUSTO IL PRIMO IMPERATORE (Rif. Codice opera principale : H5317) aIMPERIUM: AUGUSTUS aEdizione Standard a(ITA - SPA - UK - D - FR)bRAI FICTION - LUX VIDE - EOS INTERT. - RAI TR / Distribuzione: MULTIMEDIA SAN PAOLOg"2003 (1° ed.: 2005 ; Ed. Lingua Orig.: 2003)" aDVDbsonoro, col.c170 minuti a"Fotografia: Galasso Giovanni; Montaggio: Lucidi Alessandro; Musica: Donaggio Pino; Sceneggiatura: Lerner Eric; Scenografia: Agate Carmelo; " a"O'; Tyoole Peter; Rampling Charlotte; Belvedere Vittoria; Sadler Benjamin; Judica G" aGIULIO CESARE INTRODUCE IL GIOVANISSIMO NIPOTE OTTAVIANO NELLE STANZE DEL POTERE. QUI IL FUTURO IMPERATORE AUGUSTO IMPARA LE SOTTILI ARTI DEL POTERE E RESTA FOLGORATO DALL'IDEALE POLITICO DI CESARE: ABBATTERE LA VECCHIA E CORROTTA REPUBBLICA PER ERIGERE UN IMPERO GIUSTO. CONOSCE LIVIA, UNA DELLE RAGAZZE PIU' BELLE E NOBILI DI ROMA. I RAMPOLLI DELL'ANTICA NOBILTA' BRUTO E CASSIO, GIUDATI DA CICERONE, TRAMANO NELL'OMBRA. GIULIO CESARE INTUISCE IL PERICOLO E MANDA IL NIPOTE A STUDIARE AD APOLLONIA. GLI AFFIANCA DUE GIOVANI PROMETTENTI: AGRIPPA E MECENATE, I DUE FIDATI COMPAGNI DELLE FUTURE IMPRESE DI OTTAVIANO. AD APOLLONIA GIUNGE UNA NOTIZIA TERRIBILE: GIULIO CESARE E' STATO ASSASSINATO. NEL TESTAMENTO HA NOMINATO OTTAVIANO SUO UNICO EREDE. ROMA ORA E' NELLE MANI DI MARCO ANTONIO... IL DISCO EXTRA CONTIENE IL DOCUMENTARIO: ALLA SCOPERTA DI ROMA, UN AFFASCINATE VIAGGIO NELLA ROMA ANTICA. aPAL, STEREO aITALIANO aDRAMMA STORICOeDVD-FILM [DVD]xCodice MATERIA SPICS: 9947 aDonaggio Pinoe(musica)gCodice Musica SPICS: 13658 aLerner Eric J. e(soggetto)gCodice Soggetto SPICS: 29664 aYoung Roger e(regista)gCodice regista SPICS: 43936